[Event "Titled Tuesday intern op 02nd Apr Late"]
[Site "Chess.com INT"]
[Date "2024.04.02"]
[Round "6"]
[White "Wilson, Otis"]
[Black "Corona Monraz, Ramiro"]
[Result "0-1"]
[WhiteElo "1994"]
[BlackElo "1969"]
[PlyCount "54"]
[EventDate "2024.04.02"]
[EventType "swiss (blitz)"]
[EventRounds "11"]
[EventCountry "USA"]
[SourceTitle "CB15_2024"]
[SourceDate "2024.04.10"]
[SourceVersion "1"]
[SourceVersionDate "2024.04.10"]
[SourceQuality "1"]

1. d4 d6 2. c3 Nd7 3. Nf3 h6 4. e4 c6 5. Bd3 g5 6. h3 Bg7 7. Nbd2 Nf8 8. e5 dxe5 9. Bc4 exd4 10. cxd4 b5 11. Bb3 Bxd4 12. Nxd4 Qxd4 13. 0-0 Be6 14. Re1 Rd8 15. Qc2 c5 16. Nf3 Qd6 17. Bxe6 Nxe6 18. Be3 Nd4 19. Bxd4 cxd4 20. Rad1 d3 21. Qc3 Nf6 22. Re3 0-0 23. Rexd3 Qb6 24. Ne5 Rxd3 25. Rxd3 Qe6 26. Nf3 Qxa2 27. h4 Qb1+ 0-1

[Event "Titled Tuesday intern op 13th Feb Early"]
[Site "Chess.com INT"]
[Date "2024.02.13"]
[Round "8"]
[White "Corona Monraz, Ramiro"]
[Black "Slovineanu, Viacheslav"]
[Result "0-1"]
[WhiteElo "1949"]
[BlackElo "2412"]
[PlyCount "50"]
[EventDate "2024.02.13"]
[EventType "swiss (blitz)"]
[EventRounds "11"]
[EventCountry "USA"]
[SourceTitle "CB08_2024"]
[SourceDate "2024.02.21"]
[SourceVersion "1"]
[SourceVersionDate "2024.02.21"]
[SourceQuality "1"]

1. b4 Nf6 2. Bb2 g6 3. e3 Bg7 4. f4 0-0 5. Nf3 d5 6. Be2 a5 7. b5 c5 8. c4 e6 9. 0-0 b6 10. Qc2 Bb7 11. Ne5 Nbd7 12. Nxd7 Qxd7 13. Be5 Ne8 14. Qb2 Rd8 15. d3 dxc4 16. dxc4 Bxe5 17. fxe5 Ng7 18. Rd1 Qe7 19. Bf3 Bxf3 20. Rxd8 Rxd8 21. gxf3 Rd1+ 22. Kf2 Qh4+ 23. Kg2 Qg5+ 24. Kf2 Qg1+ 25. Ke2 Qe1# 0-1

[Event "Titled Tuesday intern op 06th Feb Late"]
[Site "Chess.com INT"]
[Date "2024.02.06"]
[Round "3"]
[White "Hubbard, Andrew"]
[Black "Corona Monraz, Ramiro"]
[Result "1-0"]
[WhiteElo "2109"]
[BlackElo "1949"]
[PlyCount "103"]
[EventDate "2024.02.06"]
[EventType "swiss (blitz)"]
[EventRounds "11"]
[EventCountry "USA"]
[SourceTitle "CB07_2024"]
[SourceDate "2024.02.14"]
[SourceVersion "1"]
[SourceVersionDate "2024.02.14"]
[SourceQuality "1"]

1. d4 Nf6 2. c4 e6 3. Nf3 b6 4. a3 Bb7 5. Nc3 Ne4 6. Qc2 f5 7. Bf4 Be7 8. h4 0-0 9. e3 Nxc3 10. Qxc3 Bxf3 11. gxf3 Bxh4 12. Bd3 Bf6 13. 0-0-0 c5 14. Qd2 Nc6 15. d5 Na5 16. Qc2 Qe7 17. e4 g6 18. exf5 exf5 19. Rdg1 Be5 20. Bd2 Qf6 21. Rh6 Kg7 22. Rgh1 Rh8 23. f4 Bd4 24. Bxa5 bxa5 25. Qe2 Rab8 26. d6 Bxb2+ 27. Kc2 Bd4 28. Qe7+ Qxe7 29. dxe7 Rbe8 30. Re1 Kf6 31. Rh3 Rxe7 32. Rxe7 Kxe7 33. Rh1 Bxf2 34. Rb1 Bg3 35. Rb7 Bxf4 36. Rxa7 h5 37. Rxa5 Be3 38. Be2 h4 39. Bf3 h3 40. Ra7 h2 41. Bh1 f4 42. Kd3 Rh3 43. Ke2 Rg3 44. a4 Rg1 45. Bf3 h1Q 46. Bxh1 Rxh1 47. a5 Rh2+ 48. Kf3 Ra2 49. a6 g5 50. Ra8 Kd6 51. Kg4 Rg2+ 52. Kf3 1-0

[Event "Las Americas op U2400 Hybrid"]
[Site "Internet"]
[Date "2022.06.04"]
[Round "5.11"]
[White "Corona Monraz, Ramiro"]
[Black "Esmeraldas Huachi, Anderson Yahir"]
[Result "0-1"]
[WhiteElo "1950"]
[BlackElo "2030"]
[PlyCount "60"]
[EventDate "2022.06.04"]
[EventType "swiss"]
[EventRounds "6"]
[EventCountry "VEN"]
[SourceTitle "EXT 2024"]
[Source "ChessBase"]
[SourceDate "2023.10.10"]
[SourceVersion "1"]
[SourceVersionDate "2023.10.10"]
[SourceQuality "1"]

1. b3 d5 2. Bb2 e6 3. Nf3 Nf6 4. c4 c5 5. cxd5 exd5 6. d4 b6 7. e3 Be7 8. Bb5+ Bd7 9. Nc3 Bxb5 10. Nxb5 0-0 11. 0-0 a6 12. Nc3 c4 13. Ne5 b5 14. a3 Nbd7 15. Nc6 Qe8 16. Nxe7+ Qxe7 17. Qf3 Nb6 18. b4 Ne4 19. Nxe4 dxe4 20. Qf5 Na4 21. Rab1 g6 22. Qf4 Nb6 23. Qh6 Nd5 24. Rbc1 f5 25. g3 Rfc8 26. Bc3 a5 27. h4 axb4 28. axb4 Ra3 29. Be1 Qg7 30. Qg5 h6 0-1

[Event "Las Americas op U2400 Hybrid"]
[Site "Internet"]
[Date "2022.06.04"]
[Round "4.16"]
[White "Ulloa Centeno, Luis Manuel"]
[Black "Corona Monraz, Ramiro"]
[Result "0-1"]
[WhiteElo "1440"]
[BlackElo "1950"]
[PlyCount "144"]
[EventDate "2022.06.04"]
[EventType "swiss"]
[EventRounds "6"]
[EventCountry "VEN"]
[SourceTitle "EXT 2024"]
[Source "ChessBase"]
[SourceDate "2023.10.10"]
[SourceVersion "1"]
[SourceVersionDate "2023.10.10"]
[SourceQuality "1"]

1. d4 c6 2. Nf3 d6 3. c4 Nd7 4. Nc3 h6 5. Bf4 g5 6. Bg3 Bg7 7. e4 Qa5 8. Bd3 g4 9. Nd2 Bxd4 10. Rc1 Bxc3 11. bxc3 Ne5 12. Bxe5 Qxe5 13. 0-0 Nf6 14. Qe2 Be6 15. Rb1 b6 16. Rfc1 h5 17. f4 gxf3 18. Nxf3 Qc5+ 19. Nd4 Ng4 20. Kh1 Bd7 21. h3 e5 22. Nb3 Qf2 23. Nd2 Qxe2 24. Bxe2 Nf6 25. Bf3 Be6 26. a4 Nd7 27. Ra1 Kd8 28. Ra2 Kc7 29. Be2 Nc5 30. Rca1 a5 31. Rb2 Rag8 32. Rbb1 Rg3 33. Bf3 Rg7 34. Be2 h4 35. Rf1 Rhg8 36. Bf3 Rg3 37. Kh2 Nd3 38. Rg1 Nf2 39. Nf1 Bxc4 40. Ne3 Be6 41. Nf1 Nxh3 42. Rh1 Nf2 43. Rg1 R3g5 44. Ne3 Nd3 45. Rad1 Nf2 46. Rd2 Ng4+ 47. Bxg4 Bxg4 48. Nxg4 Rxg4 49. Rf1 R8g7 50. Re2 Kd7 51. Rd1 Kc7 52. Red2 R4g6 53. c4 Re6 54. Rb1 Rg8 55. c5 dxc5 56. Rbd1 Re7 57. Rc1 Rg3 58. Ra1 Re3 59. Rf1 Rxe4 60. Rf5 Rxa4 61. Rh5 Rf4 62. Rh8 b5 63. Rdd8 c4 64. Rc8+ Kb6 65. Rb8+ Kc5 66. Ra8 Kb4 67. g3 hxg3+ 68. Kxg3 f6 69. Rac8 Rg7+ 70. Kh2 c3 71. Rh3 Rc4 72. Rf3 c2 0-1